|
|
|
|
| LEADER |
01033cam a2200277 7i4500 |
| 001 |
0000058758 |
| 005 |
20210413090000.0 |
| 020 |
|
|
|a 9781440858536 (electronic book)
|
| 020 |
|
|
|a 9781440858567 (vol.2)
|
| 020 |
|
|
|a 9781440858550 (vol.1)
|
| 090 |
0 |
0 |
|a RJ399.C6
|b O34 2019
|
| 245 |
0 |
0 |
|a Obesity in childhood and adolescence
|c H. Dele Davies, Hiram E. Fitzgerald, Kami J. Silk.
|
| 264 |
|
|
|a Santa Barbara, California:
|b Praeger,
|c 2019.
|
| 300 |
|
|
|a 1 online resource ().
|
| 336 |
|
|
|a text
|2 rdacontent
|
| 337 |
|
|
|a computer
|2 rdamedia
|
| 338 |
|
|
|a online resource
|2 rdacarrier
|
| 650 |
0 |
0 |
|a Obesity in adolescence --
|z United States
|
| 650 |
0 |
0 |
|a Obesity in children --
|z United States
|
| 655 |
0 |
0 |
|a Electronic books
|
| 700 |
1 |
|
|a Davies, H. Dele
|
| 700 |
1 |
|
|a Fitzgerald, Hiram E
|
| 700 |
1 |
|
|a Silk, Kami J
|
| 856 |
4 |
2 |
|u http://library.unisel.edu.my/equip-unisel/custom/ebook_catalog/ebook/Obesityinchildhoodandadolescenc.pdf
|
| 997 |
|
|
|a Health Sciences, Faculty
|
| 999 |
|
|
|a EBO0005213
|b EBOOK
|c EBOOK
|e Electronic resources
|